Akbar and Birbal (Record no. 11572)

MARC details
000 -LEADER
fixed length control field 00257nam a22000977a 4500
008 - FIXED-LENGTH DATA ELEMENTS--GENERAL INFORMATION
fixed length control field 190708b ||||| |||| 00| 0 eng d
020 ## - INTERNATIONAL STANDARD BOOK NUMBER
International Standard Book Number 9780143334941
100 ## - MAIN ENTRY--PERSONAL NAME
Personal name Sarin Amita
9 (RLIN) 7281
245 ## - TITLE STATEMENT
Title Akbar and Birbal
260 ## - PUBLICATION, DISTRIBUTION, ETC. (IMPRINT)
Place of publication, distribution, etc. Haryana
Name of publisher, distributor, etc. Penguin Random Books
Date of publication, distribution, etc. 2005
Holdings
Withdrawn status Lost status Source of classification or shelving scheme Damaged status Koha normalized classification for sorting Not for loan Home library Current library Shelving location Date acquired Total Checkouts Full call number Barcode Date last seen Date last checked out Price effective from Koha item type
    Dewey Decimal Classification   823_000000000000000_M10   Good Samaritan School Library Good Samaritan School Library FICTION 07/08/2019 5 823 M-10 SAR15475 07/16/2024 07/09/2024 07/08/2019 BOOK

Powered by Koha